00327nam a2200121Ia 4500008004100000041000800041082001500049100000900064245004300073260002700116300001900143520004300162240719s9999 xx 000 0 und d aeng a204.36 SAD aSAD  aInner Engineering A Yogis Guide To Joy aHaryanabPenguinc2016 a271.; P. 23 Cm aGifted By : IMT Faculty Dr. Pawan Jain